DNA:A BRIDGE BETWEEN BIOCHEMISTRY AND BIOTECHNOLOGY (Record no. 216123)

MARC details
000 -LEADER
fixed length control field 00387nam a22001457a 4500
008 - FIXED-LENGTH DATA ELEMENTS--GENERAL INFORMATION
fixed length control field 250916b |||||||| |||| 00| 0 eng d
020 ## - INTERNATIONAL STANDARD BOOK NUMBER
International Standard Book Number 9798887150307
050 ## - LIBRARY OF CONGRESS CALL NUMBER
Classification number QH 447.A53 2023
100 ## - MAIN ENTRY--PERSONAL NAME
Personal name ANAM MOHAMED
245 ## - TITLE STATEMENT
Title DNA:A BRIDGE BETWEEN BIOCHEMISTRY AND BIOTECHNOLOGY
260 ## - PUBLICATION, DISTRIBUTION, ETC.
Place of publication, distribution, etc. DUBLIN
Name of publisher, distributor, etc. ORYSON PRESS
Date of publication, distribution, etc. 2023
300 ## - PHYSICAL DESCRIPTION
Extent X,296
942 ## - ADDED ENTRY ELEMENTS (KOHA)
Source of classification or shelving scheme Library of Congress Classification
Koha item type Long Loan Book

No items available.